<?xml version="1.0" encoding="UTF-8"?>
<record
    xmlns:xsi="http://www.w3.org/2001/XMLSchema-instance"
    xsi:schemaLocation="http://www.loc.gov/MARC21/slim http://www.loc.gov/standards/marcxml/schema/MARC21slim.xsd"
    xmlns="http://www.loc.gov/MARC21/slim">

  <leader>00408    a2200133   4500</leader>
  <controlfield tag="005">20250430100938.0</controlfield>
  <datafield tag="020" ind1=" " ind2=" ">
    <subfield code="a">978 1 84980 768 5</subfield>
  </datafield>
  <datafield tag="082" ind1=" " ind2=" ">
    <subfield code="a">658 .18 HAN</subfield>
  </datafield>
  <datafield tag="245" ind1=" " ind2=" ">
    <subfield code="a">Handbook of  Institutional Approaches to International Business.</subfield>
  </datafield>
  <datafield tag="260" ind1=" " ind2=" ">
    <subfield code="a">Cheltenham,</subfield>
    <subfield code="b">Edward Elgar publishing Limited,</subfield>
    <subfield code="c">2012.</subfield>
  </datafield>
  <datafield tag="300" ind1=" " ind2=" ">
    <subfield code="a">xxi, 618p.: Ill.;ffigures &amp; table</subfield>
    <subfield code="b">Index</subfield>
    <subfield code="c">23cm.</subfield>
  </datafield>
  <datafield tag="700" ind1=" " ind2=" ">
    <subfield code="a">WOOD, G.</subfield>
  </datafield>
  <datafield tag="942" ind1=" " ind2=" ">
    <subfield code="2">ddc</subfield>
    <subfield code="c">BKS</subfield>
  </datafield>
  <datafield tag="999" ind1=" " ind2=" ">
    <subfield code="c">1822</subfield>
    <subfield code="d">1822</subfield>
  </datafield>
  <datafield tag="952" ind1=" " ind2=" ">
    <subfield code="r">2025-04-30 10:12:44</subfield>
    <subfield code="l">0</subfield>
    <subfield code="o">658.18 HAN</subfield>
    <subfield code="p">0000007070</subfield>
    <subfield code="v">75600.00</subfield>
    <subfield code="w">2025-04-30</subfield>
    <subfield code="y">BKS</subfield>
    <subfield code="1">0</subfield>
    <subfield code="2">ddc</subfield>
    <subfield code="4">0</subfield>
    <subfield code="7">0</subfield>
    <subfield code="0">0</subfield>
    <subfield code="a">CBEML</subfield>
    <subfield code="b">CBEML</subfield>
    <subfield code="c">GEN</subfield>
    <subfield code="d">2016-08-07</subfield>
    <subfield code="g">25200.00</subfield>
  </datafield>
  <datafield tag="952" ind1=" " ind2=" ">
    <subfield code="r">2025-04-30 10:12:44</subfield>
    <subfield code="l">0</subfield>
    <subfield code="o">658.18 HAN</subfield>
    <subfield code="p">0000007071</subfield>
    <subfield code="v">75600.00</subfield>
    <subfield code="w">2025-04-30</subfield>
    <subfield code="y">BKS</subfield>
    <subfield code="1">0</subfield>
    <subfield code="2">ddc</subfield>
    <subfield code="4">0</subfield>
    <subfield code="7">0</subfield>
    <subfield code="0">0</subfield>
    <subfield code="a">CBEML</subfield>
    <subfield code="b">CBEML</subfield>
    <subfield code="c">GEN</subfield>
    <subfield code="d">2016-08-07</subfield>
    <subfield code="g">25200.00</subfield>
  </datafield>
  <datafield tag="952" ind1=" " ind2=" ">
    <subfield code="r">2025-04-30 10:12:44</subfield>
    <subfield code="l">0</subfield>
    <subfield code="o">658.18 HAN</subfield>
    <subfield code="p">0000007072</subfield>
    <subfield code="v">75600.00</subfield>
    <subfield code="w">2025-04-30</subfield>
    <subfield code="y">BKS</subfield>
    <subfield code="1">0</subfield>
    <subfield code="2">ddc</subfield>
    <subfield code="4">0</subfield>
    <subfield code="7">0</subfield>
    <subfield code="0">0</subfield>
    <subfield code="a">CBEML</subfield>
    <subfield code="b">CBEML</subfield>
    <subfield code="c">GEN</subfield>
    <subfield code="d">2016-08-07</subfield>
    <subfield code="g">25200.00</subfield>
  </datafield>
</record>
